[Event "Campeonato España Sub 14"]
[Site "Salobreña"]
[Date "2017.07.17"]
[Round "2"]
[White "Estevez Sacristan, Deva"]
[Black "Soto Martin, Miguel"]
[Result "1/2-1/2"]
[Board "24"]
[WhiteClock "1:30"]
[WhiteElo "1615"]
[WhiteCountry "ESP"]
[WhiteFideId "32041101"]
[WhiteEloChange "6"]
[BlackClock "1:30"]
[BlackElo "1881"]
[BlackCountry "ESP"]
[BlackFideId "32035195"]
[BlackEloChange "-6"]

1. e4 {[%clk 1:30:00]} c5 {[%clk 1:30:00]} 2. Nf3 {[%clk 1:31:00]} d6 {[%clk
1:31:00]} 3. d4 {[%clk 1:31:00]} cxd4 {[%clk 1:31:00]} 4. Nxd4 {[%clk 1:32:00]}
Nf6 {[%clk 1:32:00]} 5. Nc3 {[%clk 1:32:00]} a6 {[%clk 1:32:00]} 6. g3 {[%clk
1:32:00]} e5 {[%clk 1:32:00]} 7. Nde2 {[%clk 1:33:00]} Be7 {[%clk 1:33:00]} 8.
Bg2 {[%clk 1:33:00]} Nbd7 {[%clk 1:33:00]} 9. O-O {[%clk 1:32:00]} b5 {[%clk
1:33:00]} 10. a4 {[%clk 1:29:00]} b4 {[%clk 1:30:00]} 11. Nd5 {[%clk 1:28:00]} a5
{[%clk 1:22:00]} 12. c3 {[%clk 1:24:00]} Bb7 {[%clk 1:15:00]} 13. cxb4 {[%clk
1:16:00]} Nxd5 {[%clk 1:15:00]} 14. exd5 {[%clk 1:16:00]} axb4 {[%clk 1:16:00]}
15. Qb3 {[%clk 1:15:00]} Ba6 {[%clk 1:16:00]} 16. Re1 {[%clk 1:15:00]} Nc5 {[%clk
1:14:00]} 17. Qe3 {[%clk 1:12:00]} O-O {[%clk 1:14:00]} 18. f4 {[%clk 1:01:00]}
Bf6 {[%clk 1:10:00]} 19. fxe5 {[%clk 0:54:00]} Bxe5 {[%clk 1:11:00]} 20. Ra2
{[%clk 0:45:00]} Bc4 {[%clk 1:10:00]} 21. Ra1 {[%clk 0:44:00]} Nd3 {[%clk
1:09:00]} 22. Rf1 {[%clk 0:39:00]} Nxb2 {[%clk 1:09:00]} 23. Rb1 {[%clk 0:38:00]}
Nd3 {[%clk 1:09:00]} 24. Be4 {[%clk 0:37:00]} Nxc1 {[%clk 1:08:00]} 25. Rfxc1
{[%clk 0:36:00]} Bxe2 {[%clk 1:08:00]} 26. Qxe2 {[%clk 0:36:00]} Qb6+ {[%clk
1:05:00]} 27. Kg2 {[%clk 0:34:00]} Rxa4 {[%clk 1:05:00]} 28. Bxh7+ {[%clk
0:27:00]} Kxh7 {[%clk 1:04:00]} 29. Qc2+ {[%clk 0:27:00]} Kg8 {[%clk 1:04:00]}
30. Qxa4 {[%clk 0:28:00]} Qd4 {[%clk 1:04:00]} 31. Qb3 {[%clk 0:18:52]} Qd2+
{[%clk 1:03:00]} 32. Kh1 {[%clk 0:17:44]} Bc3 {[%clk 1:03:00]} 33. Rc2 {[%clk
0:16:18]} Qe3 {[%clk 1:03:00]} 34. Rg2 {[%clk 0:15:38]} Re8 {[%clk 1:03:00]} 35.
Rf1 {[%clk 0:14:13]} Qd3 {[%clk 1:03:00]} 36. Qd1 {[%clk 0:11:43]} Qe4 {[%clk
1:00:00]} 37. Qh5 {[%clk 0:11:02]} g6 {[%clk 1:00:00]} 38. Qd1 {[%clk 0:10:27]}
Re5 {[%clk 0:57:00]} 39. Qf3 {[%clk 0:05:15]} Qxd5 {[%clk 0:56:00]} 40. Qxd5
{[%clk 0:03:31]} Rxd5 {[%clk 0:57:00]} 41. Rgf2 {[%clk 0:03:46]} f6 {[%clk
0:57:00]} 42. Kg2 {[%clk 0:03:58]} Kf7 {[%clk 0:57:00]} 43. Kf3 {[%clk 0:03:05]}
b3 {[%clk 0:57:00]} 44. Ke4 {[%clk 0:01:47]} Rc5 {[%clk 0:56:00]} 45. Kd3 {[%clk
0:01:41]} b2 {[%clk 0:56:00]} 46. Rb1 {[%clk 0:01:41]} Be5 {[%clk 0:56:00]} 47.
Rc2 {[%clk 0:01:30]} Ra5 {[%clk 0:56:00]} 48. Rc7+ {[%clk 0:01:16]} Ke6 {[%clk
0:57:00]} 49. Rg7 {[%clk 0:01:13]} g5 {[%clk 0:57:00]} 50. Rc7 {[%clk 0:01:23]}
Ra3+ {[%clk 0:57:00]} 51. Kd2 {[%clk 0:01:12]} Rf3 {[%clk 0:53:00]} 52. Ke2
{[%clk 0:01:32]} g4 {[%clk 0:54:00]} 53. Rg7 {[%clk 0:01:31]} f5 {[%clk 0:52:00]}
54. Rb7 {[%clk 0:01:27]} Bd4 {[%clk 0:52:00]} 55. Rb4 {[%clk 0:01:16]} Rf2+
{[%clk 0:51:00]} 56. Kd3 {[%clk 0:01:12]} Be5 {[%clk 0:51:00]} 57. Rh1 {[%clk
0:01:06]} Kd5 {[%clk 0:51:00]} 58. Rb5+ {[%clk 0:00:51]} Kc6 {[%clk 0:51:00]} 59.
Rb8 {[%clk 0:00:50]} Rf3+ {[%clk 0:51:00]} 60. Kc2 {[%clk 0:00:52]} Kd5 {[%clk
0:51:00]} 61. Rd1+ {[%clk 0:01:03]} Kc4 {[%clk 0:51:00]} 62. Rc8+ {[%clk
0:01:22]} Kb5 {[%clk 0:52:00]} 63. Rb8+ {[%clk 0:01:21]} Kc6 {[%clk 0:52:00]} 64.
Rh1 {[%clk 0:00:52]} Kc5 {[%clk 0:47:00]} 65. Rc8+ {[%clk 0:01:08]} Kd5 {[%clk
0:47:00]} 66. Rd1+ {[%clk 0:01:09]} Bd4 {[%clk 0:47:00]} 67. Rb8 {[%clk 0:00:51]}
Re3 {[%clk 0:44:00]} 68. Rb4 {[%clk 0:00:47]} Re4 {[%clk 0:44:00]} 69. Kb1 {[%clk
0:00:42]} Kc5 {[%clk 0:44:00]} 70. Rb8 {[%clk 0:00:53]} Re2 {[%clk 0:44:00]} 71.
Rc8+ {[%clk 0:01:04]} Kd5 {[%clk 0:44:00]} 72. Rc2 {[%clk 0:01:18]} Rxc2 {[%clk
0:44:00]} 73. Kxc2 {[%clk 0:01:44]} Ke4 {[%clk 0:44:00]} 74. Rf1 {[%clk 0:01:46]}
Be5 {[%clk 0:45:00]} 75. Kd2 {[%clk 0:01:45]} f4 {[%clk 0:45:00]} 76. Re1+ {[%clk
0:01:08]} Kf3 {[%clk 0:44:00]} 77. gxf4 {[%clk 0:00:44]} Bxf4+ {[%clk 0:45:00]}
78. Kc2 {[%clk 0:01:05]} Bxh2 {[%clk 0:44:00]} 79. Kxb2 {[%clk 0:01:29]} g3
{[%clk 0:45:00]} 80. Rf1+ {[%clk 0:01:39]} Ke2 {[%clk 0:45:00]} 81. Rh1 {[%clk
0:01:28]} d5 {[%clk 0:46:00]} 82. Kc3 {[%clk 0:01:41]} Ke3 {[%clk 0:46:00]} 83.
Re1+ {[%clk 0:01:54]} Kf2 {[%clk 0:46:00]} 84. Rd1 {[%clk 0:01:29]} g2 {[%clk
0:46:00]} 85. Kd4 {[%clk 0:01:47]} Ke2 {[%clk 0:46:00]} 86. Ra1 {[%clk 0:01:47]}
1/2-1/2

[Event "Campeonato España Sub 14"]
[Site "Salobreña"]
[Date "2017.07.17"]
[Round "2"]
[White "Amador Garcia, Ismael"]
[Black "Dartmann Aubanell, Catriona"]
[Result "1-0"]
[Board "25"]
[WhiteClock "1:30"]
[WhiteElo "1877"]
[WhiteCountry "ESP"]
[WhiteFideId "32040920"]
[WhiteEloChange "4"]
[BlackClock "1:30"]
[BlackElo "1610"]
[BlackCountry "ESP"]
[BlackFideId "24585270"]
[BlackEloChange "-4"]

1. e4 {[%clk 1:30:00]} e6 {[%clk 1:30:00]} 2. d4 {[%clk 1:31:00]} d5 {[%clk
1:31:00]} 3. Nc3 {[%clk 1:31:00]} dxe4 {[%clk 1:31:00]} 4. Nxe4 {[%clk 1:32:00]}
Nd7 {[%clk 1:31:00]} 5. Nf3 {[%clk 1:32:00]} Ngf6 {[%clk 1:31:00]} 6. Bd3 {[%clk
1:31:00]} Be7 {[%clk 1:31:00]} 7. O-O {[%clk 1:31:00]} O-O {[%clk 1:30:00]} 8.
Bd2 {[%clk 1:29:00]} b6 {[%clk 1:29:00]} 9. Qe2 {[%clk 1:28:00]} Bb7 {[%clk
1:28:00]} 10. Rad1 {[%clk 1:25:00]} c5 {[%clk 1:18:00]} 11. c3 {[%clk 1:21:00]}
Qc7 {[%clk 1:07:00]} 12. Rfe1 {[%clk 1:18:00]} Rfd8 {[%clk 0:58:00]} 13. Neg5
{[%clk 1:08:00]} Bd6 {[%clk 0:50:00]} 14. Nxf7 {[%clk 0:57:00]} Bxf3 {[%clk
0:42:00]} 15. gxf3 {[%clk 0:57:00]} Kxf7 {[%clk 0:37:00]} 16. Qxe6+ {[%clk
0:57:00]} Kf8 {[%clk 0:38:00]} 17. Bc4 {[%clk 0:52:00]} Nb8 {[%clk 0:37:00]} 18.
dxc5 {[%clk 0:52:00]} bxc5 {[%clk 0:33:00]} 19. Bf4 {[%clk 0:51:00]} Qe7 {[%clk
0:24:00]} 20. Qxe7+ {[%clk 0:41:00]} Bxe7 {[%clk 0:24:00]} 21. Rxd8+ {[%clk
0:42:00]} Bxd8 {[%clk 0:23:00]} 22. Bd6+ {[%clk 0:42:00]} Be7 {[%clk 0:24:00]}
23. Rxe7 {[%clk 0:42:00]} Nc6 {[%clk 0:23:00]} 24. Re2+ {[%clk 0:42:00]} 1-0

[Event "Campeonato España Sub 14"]
[Site "Salobreña"]
[Date "2017.07.18"]
[Round "3"]
[White "Gines Esteo, Pedro Antonio"]
[Black "Escartin Lacasa, Jose"]
[Result "1-0"]
[Board "1"]
[WhiteClock "n/a"]
[WhiteTitle "FM"]
[WhiteElo "2375"]
[WhiteCountry "ESP"]
[WhiteFideId "32080190"]
[WhiteEloChange "2"]
[BlackClock "n/a"]
[BlackElo "1906"]
[BlackCountry "ESP"]
[BlackFideId "32080042"]
[BlackEloChange "-2"]

1. Nf3 {[%clk 1:30:30]} Nf6 {[%clk 1:30:30]} 2. g3 {[%clk 1:30:30]} d5 {[%clk
1:30:30]} 3. Bg2 {[%clk 1:30:30]} c5 {[%clk 1:30:30]} 4. O-O {[%clk 1:30:30]} Nc6
{[%clk 1:30:30]} 5. d4 {[%clk 1:30:30]} e6 {[%clk 1:30:30]} 6. c4 {[%clk
1:30:30]} dxc4 {[%clk 1:30:30]} 7. Qa4 {[%clk 1:30:30]} Qa5 {[%clk 1:30:30]} 8.
Qxc4 {[%clk 1:30:30]} cxd4 {[%clk 1:30:30]} 9. Nxd4 {[%clk 1:30:30]} Nxd4 {[%clk
1:30:30]} 10. Qxd4 {[%clk 1:30:30]} Bc5 {[%clk 1:30:30]} 11. Qc3 {[%clk 1:30:30]}
Qb6 {[%clk 1:30:30]} 12. Nd2 {[%clk 1:30:30]} O-O {[%clk 1:30:30]} 13. Nc4 {[%clk
1:30:30]} Qb4 {[%clk 1:30:30]} 14. Qxb4 {[%clk 1:30:30]} Bxb4 {[%clk 1:30:30]}
15. Rd1 {[%clk 1:30:30]} Be7 {[%clk 1:30:30]} 16. e4 {[%clk 1:30:30]} Rd8 {[%clk
1:30:30]} 17. Bg5 {[%clk 1:30:30]} h6 {[%clk 1:30:30]} 18. Rxd8+ {[%clk 1:30:30]}
Bxd8 {[%clk 1:30:30]} 19. Rd1 {[%clk 1:30:30]} Bc7 {[%clk 1:30:30]} 20. Bf4
{[%clk 1:30:30]} Bxf4 {[%clk 1:30:30]} 21. gxf4 {[%clk 1:30:30]} Kf8 {[%clk
1:30:30]} 22. e5 {[%clk 1:30:30]} Ne8 {[%clk 1:30:30]} 23. Rd3 {[%clk 1:30:30]}
Rb8 {[%clk 1:30:30]} 24. Ra3 {[%clk 1:30:30]} b5 {[%clk 1:30:30]} 25. Na5 {[%clk
1:30:30]} Rb6 {[%clk 1:30:30]} 26. b4 {[%clk 1:30:30]} a6 {[%clk 1:30:30]} 27.
Rd3 {[%clk 1:30:30]} Rb8 {[%clk 1:30:30]} 28. Rd8 {[%clk 1:30:30]} g6 {[%clk
1:30:30]} 29. Bc6 {[%clk 1:30:30]} 1-0

[Event "Campeonato España Sub 14"]
[Site "Salobreña"]
[Date "2017.07.18"]
[Round "3"]
[White "Barragan Arriaza, Pablo"]
[Black "Henderson de La Fuente, Lance"]
[Result "0-1"]
[Board "2"]
[WhiteClock "1:30"]
[WhiteElo "1916"]
[WhiteCountry "ESP"]
[WhiteFideId "32057130"]
[WhiteEloChange "-2"]
[BlackClock "1:30"]
[BlackElo "2369"]
[BlackCountry "ESP"]
[BlackFideId "32096585"]
[BlackEloChange "2"]

1. c4 {[%clk 1:30:00]} e5 {[%clk 1:30:00]} 2. g3 {[%clk 1:30:00]} Nc6 {[%clk
1:30:00]} 3. Bg2 {[%clk 1:31:00]} Bc5 {[%clk 1:30:00]} 4. e3 {[%clk 1:30:00]} d6
{[%clk 1:30:00]} 5. Ne2 {[%clk 1:28:00]} a6 {[%clk 1:30:00]} 6. Nbc3 {[%clk
1:24:00]} Ba7 {[%clk 1:30:00]} 7. a3 {[%clk 1:22:00]} h5 {[%clk 1:30:00]} 8. h4
{[%clk 1:21:00]} Bg4 {[%clk 1:27:00]} 9. Qa4 {[%clk 1:17:00]} Ne7 {[%clk
1:15:00]} 10. b4 {[%clk 0:52:00]} O-O {[%clk 1:11:00]} 11. d3 {[%clk 0:46:00]}
Qc8 {[%clk 1:04:00]} 12. Rb1 {[%clk 0:40:00]} Nb8 {[%clk 1:01:00]} 13. Qb3 {[%clk
0:35:00]} Nd7 {[%clk 1:01:00]} 14. a4 {[%clk 0:34:00]} Nf6 {[%clk 0:48:00]} 15.
a5 {[%clk 0:30:00]} Qf5 {[%clk 0:41:00]} 16. Ne4 {[%clk 0:21:00]} Bf3 {[%clk
0:38:00]} 17. Bxf3 {[%clk 0:18:27]} Qxf3 {[%clk 0:38:00]} 18. Nxf6+ {[%clk
0:18:52]} gxf6 {[%clk 0:37:00]} 19. Rg1 {[%clk 0:17:39]} Rad8 {[%clk 0:32:00]}
20. Qd1 {[%clk 0:11:57]} d5 {[%clk 0:28:00]} 21. c5 {[%clk 0:08:39]} f5 {[%clk
0:26:00]} 22. d4 {[%clk 0:06:43]} f6 {[%clk 0:26:00]} 23. Bb2 {[%clk 0:06:33]}
Nc6 {[%clk 0:26:00]} 24. Ba1 {[%clk 0:06:07]} Rfe8 {[%clk 0:22:00]} 25. Kf1
{[%clk 0:05:16]} Kf7 {[%clk 0:20:00]} 26. Rb3 {[%clk 0:04:15]} Bb8 {[%clk
0:20:00]} 27. Bc3 {[%clk 0:03:53]} Na7 {[%clk 0:20:00]} 28. Ba1 {[%clk 0:03:20]}
Nb5 {[%clk 0:21:00]} 29. Rd3 {[%clk 0:02:48]} c6 {[%clk 0:20:00]} 30. Nc3 {[%clk
0:02:55]} Qxd1+ {[%clk 0:20:00]} 31. Rxd1 {[%clk 0:03:20]} Nc7 {[%clk 0:17:56]}
32. Ne2 {[%clk 0:03:21]} Ne6 {[%clk 0:14:49]} 33. f4 {[%clk 0:02:44]} Nf8 {[%clk
0:14:37]} 34. Kg2 {[%clk 0:02:14]} exf4 {[%clk 0:14:35]} 35. Nxf4 {[%clk
0:01:44]} Bxf4 {[%clk 0:13:12]} 36. exf4 {[%clk 0:01:17]} Re2+ {[%clk 0:13:42]}
37. Kf3 {[%clk 0:01:47]} Rde8 {[%clk 0:14:06]} 38. Rd3 {[%clk 0:01:53]} R8e4
{[%clk 0:10:56]} 39. Bc3 {[%clk 0:01:50]} Ra2 {[%clk 0:10:26]} 40. Bd2 {[%clk
0:01:17]} Ne6 {[%clk 0:10:45]} 41. Bc3 {[%clk 0:01:08]} Nc7 {[%clk 0:10:37]} 42.
Ra1 {[%clk 0:00:46]} Rc2 {[%clk 0:10:49]} 43. Rb1 {[%clk 0:00:47]} Nb5 {[%clk
0:10:53]} 44. Ba1 {[%clk 0:01:10]} Rc4 {[%clk 0:08:49]} 45. Rbb3 {[%clk 0:00:44]}
Nxd4+ {[%clk 0:07:08]} 46. Bxd4 {[%clk 0:00:22]} Rcxd4 {[%clk 0:07:37]} 47. Rxd4
{[%clk 0:01:01]} Rxd4 {[%clk 0:08:06]} 48. Ke3 {[%clk 0:01:13]} Re4+ {[%clk
0:08:14]} 49. Kd3 {[%clk 0:01:33]} Re1 {[%clk 0:06:28]} 50. Kd4 {[%clk 0:01:29]}
Rg1 {[%clk 0:06:17]} 51. Re3 {[%clk 0:01:23]} Rb1 {[%clk 0:05:57]} 52. Kc3 {[%clk
0:01:35]} d4+ {[%clk 0:05:29]} 53. Kxd4 {[%clk 0:01:27]} Rxb4+ {[%clk 0:05:58]}
54. Kc3 {[%clk 0:02:06]} Rb5 {[%clk 0:04:41]} 55. Rd3 {[%clk 0:01:59]} Rxc5+
{[%clk 0:02:05]} 56. Kb4 {[%clk 0:02:22]} Rd5 {[%clk 0:02:02]} 57. Re3 {[%clk
0:02:40]} Rb5+ {[%clk 0:01:49]} 58. Ka4 {[%clk 0:02:54]} Rb1 {[%clk 0:01:48]} 59.
Rd3 {[%clk 0:02:37]} c5 {[%clk 0:01:49]} 60. Re3 {[%clk 0:02:21]} Ra1+ {[%clk
0:02:10]} 61. Kb3 {[%clk 0:02:17]} Rxa5 {[%clk 0:02:34]} 62. Kc4 {[%clk 0:02:41]}
b6 {[%clk 0:02:35]} 63. Kd5 {[%clk 0:02:49]} Ra4 {[%clk 0:02:43]} 64. Kc6 {[%clk
0:03:01]} Rb4 {[%clk 0:02:55]} 65. Kd7 {[%clk 0:03:12]} Re4 {[%clk 0:03:12]} 66.
Ra3 {[%clk 0:03:15]} a5 {[%clk 0:03:32]} 67. Rb3 {[%clk 0:03:39]} Rd4+ {[%clk
0:03:47]} 68. Kc6 {[%clk 0:04:00]} Rb4 {[%clk 0:04:15]} 69. Re3 {[%clk 0:03:58]}
a4 {[%clk 0:04:15]} 0-1

[Event "Campeonato España Sub 14"]
[Site "Salobreña"]
[Date "2017.07.18"]
[Round "3"]
[White "Quispe Arteaga, Gabriel"]
[Black "Amador Garcia, Ismael"]
[Result "0-1"]
[Board "3"]
[WhiteClock "1:30"]
[WhiteTitle "FM"]
[WhiteElo "2231"]
[WhiteCountry "ESP"]
[WhiteFideId "32059809"]
[WhiteEloChange "-18"]
[BlackClock "1:30"]
[BlackElo "1877"]
[BlackCountry "ESP"]
[BlackFideId "32040920"]
[BlackEloChange "18"]

1. d4 {[%clk 1:30:00]} Nf6 {[%clk 1:30:00]} 2. Nf3 {[%clk 1:31:00]} g6 {[%clk
1:31:00]} 3. g3 {[%clk 1:31:00]} Bg7 {[%clk 1:31:00]} 4. Bg2 {[%clk 1:32:00]} O-O
{[%clk 1:32:00]} 5. O-O {[%clk 1:32:00]} d6 {[%clk 1:32:00]} 6. c4 {[%clk
1:32:00]} c6 {[%clk 1:32:00]} 7. Nc3 {[%clk 1:32:00]} Qa5 {[%clk 1:32:00]} 8. Bd2
{[%clk 1:33:00]} Qb6 {[%clk 1:32:00]} 9. b3 {[%clk 1:26:00]} Nbd7 {[%clk
1:33:00]} 10. Qc2 {[%clk 1:25:00]} e5 {[%clk 1:33:00]} 11. dxe5 {[%clk 1:25:00]}
dxe5 {[%clk 1:33:00]} 12. Rad1 {[%clk 1:24:00]} Re8 {[%clk 1:32:00]} 13. Ng5
{[%clk 1:04:00]} Bf8 {[%clk 1:18:00]} 14. Bc1 {[%clk 0:52:00]} Qc7 {[%clk
1:11:00]} 15. Qd2 {[%clk 0:43:00]} Nc5 {[%clk 1:03:00]} 16. b4 {[%clk 0:26:00]}
Ne6 {[%clk 0:52:00]} 17. Nce4 {[%clk 0:26:00]} Nxe4 {[%clk 0:48:00]} 18. Nxe4
{[%clk 0:26:00]} Rd8 {[%clk 0:48:00]} 19. Qb2 {[%clk 0:24:00]} f5 {[%clk
0:43:00]} 20. Nd2 {[%clk 0:21:00]} Nd4 {[%clk 0:25:00]} 21. Rfe1 {[%clk 0:19:46]}
a5 {[%clk 0:20:00]} 22. e3 {[%clk 0:16:43]} Ne6 {[%clk 0:21:00]} 23. a3 {[%clk
0:17:02]} e4 {[%clk 0:16:48]} 24. c5 {[%clk 0:16:32]} Bg7 {[%clk 0:16:15]} 25.
Qc2 {[%clk 0:16:52]} axb4 {[%clk 0:14:26]} 26. axb4 {[%clk 0:17:18]} Rd3 {[%clk
0:12:04]} 27. Bb2 {[%clk 0:16:42]} Ra2 {[%clk 0:09:33]} 28. Nc4 {[%clk 0:17:06]}
Rxd1 {[%clk 0:07:29]} 29. Rxd1 {[%clk 0:17:02]} Bxb2 {[%clk 0:06:37]} 30. Qb3
{[%clk 0:17:19]} Ra1 {[%clk 0:06:37]} 31. Nxb2 {[%clk 0:17:40]} Rxd1+ {[%clk
0:06:57]} 32. Qxd1 {[%clk 0:16:36]} Ng5 {[%clk 0:06:26]} 33. h4 {[%clk 0:16:36]}
Nf7 {[%clk 0:06:45]} 34. Nc4 {[%clk 0:16:35]} Be6 {[%clk 0:06:49]} 35. Nb6 {[%clk
0:13:22]} Ne5 {[%clk 0:06:11]} 36. Bf1 {[%clk 0:13:25]} Kf7 {[%clk 0:05:55]} 37.
Be2 {[%clk 0:13:36]} Ke7 {[%clk 0:05:32]} 38. Qd4 {[%clk 0:13:59]} Kf7 {[%clk
0:04:53]} 39. Kg2 {[%clk 0:14:14]} h6 {[%clk 0:04:22]} 40. h5 {[%clk 0:14:21]} g5
{[%clk 0:03:49]} 41. g4 {[%clk 0:14:25]} Ke7 {[%clk 0:03:50]} 42. gxf5 {[%clk
0:14:33]} Bxf5 {[%clk 0:04:02]} 43. Nc4 {[%clk 0:14:25]} Ke6 {[%clk 0:02:31]} 44.
Nd6 {[%clk 0:14:10]} Qd7 {[%clk 0:02:01]} 45. Kg3 {[%clk 0:08:36]} Bh7 {[%clk
0:01:21]} 46. Bg4+ {[%clk 0:05:43]} Nxg4 {[%clk 0:01:41]} 47. Qc4+ {[%clk
0:06:05]} Kf6 {[%clk 0:01:00]} 48. Qa2 {[%clk 0:02:38]} Ne5 {[%clk 0:01:06]} 49.
Qa1 {[%clk 0:02:05]} Qg4+ {[%clk 0:01:08]} 50. Kh2 {[%clk 0:02:33]} Qxh5+ {[%clk
0:01:26]} 51. Kg1 {[%clk 0:02:58]} Qg4+ {[%clk 0:01:44]} 52. Kh2 {[%clk 0:02:28]}
Qe6 {[%clk 0:02:01]} 53. f4 {[%clk 0:01:34]} exf3 {[%clk 0:02:04]} 54. Qa8 {[%clk
0:02:01]} Nf7 {[%clk 0:01:09]} 55. Qf8 {[%clk 0:01:51]} Kg6 {[%clk 0:00:55]} 56.
Ne8 {[%clk 0:01:40]} Qe5+ {[%clk 0:00:54]} 57. Kh1 {[%clk 0:01:57]} f2 {[%clk
0:01:00]} 58. Kg2 {[%clk 0:02:13]} g4 {[%clk 0:00:49]} 59. Kxf2 {[%clk 0:02:28]}
h5 {[%clk 0:00:57]} 60. Kg2 {[%clk 0:02:18]} h4 {[%clk 0:01:15]} 61. Nd6 {[%clk
0:02:35]} h3+ {[%clk 0:01:16]} 62. Kg1 {[%clk 0:02:30]} Qxe3+ {[%clk 0:01:02]}
63. Kf1 {[%clk 0:02:42]} Qf3+ {[%clk 0:01:16]} 64. Ke1 {[%clk 0:02:59]} h2 {[%clk
0:01:16]} 0-1

[Event "Campeonato España Sub 14"]
[Site "Salobreña"]
[Date "2017.07.18"]
[Round "3"]
[White "Andrade Sandoval, Bianca"]
[Black "Alonso Garcia, Aaron"]
[Result "0-1"]
[Board "4"]
[WhiteClock "1:30"]
[WhiteElo "1857"]
[WhiteCountry "ESP"]
[WhiteFideId "32084609"]
[WhiteEloChange "-4"]
[BlackClock "1:30"]
[BlackElo "2119"]
[BlackCountry "ESP"]
[BlackFideId "24521060"]
[BlackEloChange "4"]

1. d4 {[%clk 1:30:00]} Nf6 {[%clk 1:30:00]} 2. Nf3 {[%clk 1:31:00]} g6 {[%clk
1:31:00]} 3. c4 {[%clk 1:31:00]} Bg7 {[%clk 1:31:00]} 4. Nc3 {[%clk 1:31:00]} d6
{[%clk 1:31:00]} 5. e4 {[%clk 1:32:00]} c5 {[%clk 1:31:00]} 6. d5 {[%clk
1:31:00]} O-O {[%clk 1:29:00]} 7. Be2 {[%clk 1:30:00]} e6 {[%clk 1:22:00]} 8. O-O
{[%clk 1:28:00]} exd5 {[%clk 1:21:00]} 9. exd5 {[%clk 1:27:00]} Na6 {[%clk
1:10:00]} 10. Bg5 {[%clk 1:23:00]} h6 {[%clk 1:06:00]} 11. Bh4 {[%clk 1:23:00]}
Re8 {[%clk 1:03:00]} 12. Re1 {[%clk 1:19:00]} Nc7 {[%clk 1:03:00]} 13. h3 {[%clk
1:12:00]} Rb8 {[%clk 0:57:00]} 14. Qd2 {[%clk 1:07:00]} a6 {[%clk 0:41:00]} 15.
a4 {[%clk 1:04:00]} b6 {[%clk 0:41:00]} 16. Bf1 {[%clk 1:00:00]} Rxe1 {[%clk
0:25:00]} 17. Rxe1 {[%clk 1:00:00]} Qf8 {[%clk 0:25:00]} 18. Bg3 {[%clk 0:47:00]}
Bb7 {[%clk 0:25:00]} 19. b3 {[%clk 0:42:00]} Rd8 {[%clk 0:22:00]} 20. Re2 {[%clk
0:33:00]} b5 {[%clk 0:21:00]} 21. Nd1 {[%clk 0:28:00]} Rd7 {[%clk 0:17:16]} 22.
axb5 {[%clk 0:21:00]} axb5 {[%clk 0:17:45]} 23. Qa5 {[%clk 0:18:01]} b4 {[%clk
0:11:15]} 24. Qa2 {[%clk 0:14:00]} Qd8 {[%clk 0:09:55]} 25. Qd2 {[%clk 0:11:19]}
Re7 {[%clk 0:08:48]} 26. Rxe7 {[%clk 0:10:11]} Qxe7 {[%clk 0:09:17]} 27. Qf4
{[%clk 0:10:34]} Nce8 {[%clk 0:09:31]} 28. Ne3 {[%clk 0:08:27]} Bc8 {[%clk
0:04:09]} 29. Ng4 {[%clk 0:08:05]} Nxg4 {[%clk 0:02:51]} 30. hxg4 {[%clk
0:08:06]} g5 {[%clk 0:03:12]} 31. Qd2 {[%clk 0:05:35]} Bxg4 {[%clk 0:03:13]} 32.
Nh2 {[%clk 0:05:51]} Bh5 {[%clk 0:03:14]} 33. Qa2 {[%clk 0:05:22]} Bg6 {[%clk
0:02:33]} 34. Qa8 {[%clk 0:03:32]} Kh7 {[%clk 0:02:57]} 35. Nf3 {[%clk 0:02:24]}
f5 {[%clk 0:02:52]} 36. Bh2 {[%clk 0:01:44]} Bc3 {[%clk 0:03:00]} 37. Qc8 {[%clk
0:01:28]} g4 {[%clk 0:03:04]} 38. Nh4 {[%clk 0:00:39]} Qxh4 {[%clk 0:03:31]} 39.
Qd7+ {[%clk 0:00:47]} Bg7 {[%clk 0:03:31]} 0-1

[Event "Campeonato España Sub 14"]
[Site "Salobreña"]
[Date "2017.07.18"]
[Round "3"]
[White "Perez Beltran, Salvador"]
[Black "Eizaguerri Floris, Maria"]
[Result "1/2-1/2"]
[Board "5"]
[WhiteClock "1:30"]
[WhiteElo "1854"]
[WhiteCountry "ESP"]
[WhiteFideId "32063008"]
[WhiteEloChange "6"]
[BlackClock "1:30"]
[BlackTitle "WFM"]
[BlackElo "2075"]
[BlackCountry "ESP"]
[BlackFideId "32065752"]
[BlackEloChange "-6"]

1. d4 {[%clk 1:30:00]} d5 {[%clk 1:30:00]} 2. Nf3 {[%clk 1:31:00]} Nf6 {[%clk
1:31:00]} 3. c4 {[%clk 1:31:00]} e6 {[%clk 1:31:00]} 4. Nc3 {[%clk 1:32:00]} Bb4
{[%clk 1:31:00]} 5. cxd5 {[%clk 1:32:00]} exd5 {[%clk 1:31:00]} 6. Bg5 {[%clk
1:32:00]} Nbd7 {[%clk 1:31:00]} 7. Qc2 {[%clk 1:31:00]} h6 {[%clk 1:31:00]} 8.
Bh4 {[%clk 1:31:00]} g5 {[%clk 1:31:00]} 9. Bg3 {[%clk 1:31:00]} Ne4 {[%clk
1:32:00]} 10. Nd2 {[%clk 1:31:00]} Nxg3 {[%clk 1:28:00]} 11. hxg3 {[%clk
1:32:00]} c6 {[%clk 1:26:00]} 12. e3 {[%clk 1:30:00]} Qe7 {[%clk 1:25:00]} 13.
Bd3 {[%clk 1:27:00]} Nf6 {[%clk 1:24:00]} 14. O-O-O {[%clk 1:25:00]} Be6 {[%clk
1:13:00]} 15. Kb1 {[%clk 1:16:00]} O-O-O {[%clk 1:09:00]} 16. Nb3 {[%clk
1:05:00]} Kb8 {[%clk 0:59:00]} 17. a3 {[%clk 0:50:00]} Bxc3 {[%clk 0:56:00]} 18.
Qxc3 {[%clk 0:50:00]} Ne4 {[%clk 0:56:00]} 19. Bxe4 {[%clk 0:36:00]} dxe4 {[%clk
0:56:00]} 20. Nc5 {[%clk 0:35:00]} Bd5 {[%clk 0:56:00]} 21. Rh5 {[%clk 0:19:39]}
Qf6 {[%clk 0:49:00]} 22. Qc2 {[%clk 0:16:45]} Qg6 {[%clk 0:49:00]} 23. Rdh1
{[%clk 0:16:28]} f5 {[%clk 0:48:00]} 24. b4 {[%clk 0:12:04]} b6 {[%clk 0:38:00]}
25. Nb3 {[%clk 0:10:42]} Qe6 {[%clk 0:38:00]} 26. Nd2 {[%clk 0:09:25]} Rc8 {[%clk
0:36:00]} 27. Rc1 {[%clk 0:07:49]} Qg6 {[%clk 0:27:00]} 28. Rhh1 {[%clk 0:05:55]}
Rhf8 {[%clk 0:25:00]} 29. Nc4 {[%clk 0:05:09]} Bxc4 {[%clk 0:25:00]} 30. Qxc4
{[%clk 0:05:33]} f4 {[%clk 0:25:00]} 31. d5 {[%clk 0:03:39]} c5 {[%clk 0:21:00]}
32. bxc5 {[%clk 0:02:46]} fxe3 {[%clk 0:19:16]} 33. fxe3 {[%clk 0:02:43]} Rxc5
{[%clk 0:19:21]} 34. Qb4 {[%clk 0:03:05]} Rfc8 {[%clk 0:19:05]} 35. Rxc5 {[%clk
0:03:27]} Rxc5 {[%clk 0:19:29]} 36. Rc1 {[%clk 0:03:47]} Rxc1+ {[%clk 0:07:41]}
37. Kxc1 {[%clk 0:04:13]} Qf5 {[%clk 0:07:08]} 38. Qd6+ {[%clk 0:02:14]} Kc8
{[%clk 0:07:34]} 39. Qc6+ {[%clk 0:01:57]} Kb8 {[%clk 0:07:09]} 40. Qe8+ {[%clk
0:01:16]} Kb7 {[%clk 0:06:05]} 41. Qc6+ {[%clk 0:00:42]} Kb8 {[%clk 0:06:26]} 42.
Qe8+ {[%clk 0:00:59]} Kb7 {[%clk 0:05:48]} 43. Qe7+ {[%clk 0:01:07]} Ka6 {[%clk
0:05:06]} 44. d6 {[%clk 0:00:41]} Qf1+ {[%clk 0:05:08]} 45. Kb2 {[%clk 0:00:44]}
Qe2+ {[%clk 0:04:49]} 46. Kb1 {[%clk 0:00:59]} Qd1+ {[%clk 0:04:45]} 47. Kb2
{[%clk 0:01:01]} Qd2+ {[%clk 0:04:45]} 1/2-1/2